000 01477nab a22002537a 4500
999 _c6002
_d6002
003 OSt
005 20260115223204.0
008 190605e xxu||||| |||| 00| 0 spa d
040 _cPJ
100 _96814
_aSala Sarmiento, Cristian M.
245 1 0 _aAnálisis económico y jurídico del art. 12 de la Ley de Riesgos del Trabajo. ¿Una luz al final del camino? /
_cCristian M. Sala Sarmiento.
260 _aCiudad Autónoma de Buenos Aires :
_bThomson Reuters La Ley,
_c2025.
300 _ap. 217-224
500 _aCita Online: Cita: TR LALEY AR/DOC/349/2025.
505 _aSumario: I. Introducción.— II. Desarrollo del tema.— III. El ingreso base mensual. No necesidad de declarar la inconstitucionalidad del art. 12, LRT.— IV. Comparación económica con la aplicación de las normas involucradas sobre el apart. 2°, art. 12 de la LRT. Línea de tiempo. Casos testigos.— V. Conclusiones.
505 _aFallo comentado: CNTrab., sala X ~ 03/12/2024 ~ Tramando S.A c. Querin Cortez, Franco s/ revisión de cosa juzgada.
505 _t¿Te interesa el texto completo? Solicitalo al correo: koha@justierradelfuego.gov.ar
650 0 _91316
_aDERECHO LABORAL
650 0 _91482
_aLEY SOBRE RIESGOS DEL TRABAJO
650 0 _91417
_aACCIDENTES DE TRABAJO
650 0 _91382
_aINDEMNIZACION
773 0 _02711
_93168
_dCiudad Autónoma de Buenos Aires : Thomson Reuters La Ley, 1999-2002.
_tRevista de derecho del trabajo. Nº 2 - Marzo 2025
942 _2udc
_cANA